00604 2200217 4500001002100000005001500021035002000036007000300056008004100059020001800100082001000118084001600128100002500144245006200169250001000231260005000241300002200291650002100313700003200334990002000366INLIS00000000001669720230824102726 a0010-0823000070ta230824 g 0 ind  a979 719 311 X a155.5 a155.5 WIS t0 aWISHNUBROTO, Widarso1 aTips Jitu Menjadi Remaja Yang Gaul /cWishnubroto Widarso aCet.1 aYogyakarta :bYayasan Pustaka Nusatama,c2006 a64 hlm ;c18,5 cm 4aPsikologi Remaja0 aEditor; ALFRED, B. Jogo Ena a626.204.1010538